CSGO Major Championship Winners - Statistics

General Stats
  • This quiz has been taken 679 times
    677 since last reset
  • The average score is 11 of 14
Answer Stats
Hint Answer % Correct
Dreamhack Winter 2013 Fnatic
97%
ESL One Cologne 2014 Ninjas In Pyjamas
91%
ESL Major Series One Katowice 2014 Virtus pro
90%
Faceit Major London Astralis
86%
IEM Katowice 2019 Astralis
86%
ESL One Katowice 2015 Fnatic
85%
ELEAGUE Major Boston 2018 Cloud 9
82%
ELEAGUE Major Atlanta 2017 Astralis
80%
ESL One Cologne 2015 Fnatic
80%
PGL Major Krakow Gambit Esports
77%
Dreamhack Winter 2014 LDLC
73%
ESL One Cologne 2016 SK Gaming
73%
Dreamhack Open Cluj-Napoca 2015 Envyus
71%
MLG Major Championship: Columbus 2016 Luminosity Gaming
61%
No matching quizzes found
Score Distribution
Percent of People with Each Score
Percentile by Number Answered
Your Score History
You have not taken this quiz since the last reset